000 00642nam a2200277Ia 4500
005 20260324111535.0
008 008 260324s9999 xx 000 0 eng d
020 _a9788743801726
037 _aEBOOK
040 _aCRL
040 _beng
040 _cCRL
041 _2eng
041 _aeng
084 _qCRL
100 _aFadi Alshakhshir
_91138986
245 0 _aAI-Driven Energy Centered Maintenance
260 _bTaylor and Francis
260 _c2025
365 _a
365 _b290
856 _uhttp://www.taylorfrancis.com/books/9788743801726
942 _cEBOOK
999 _c1727850
_d1727850